00401cam a2200157ua 45000010005000000080039000050400009000440820010000531000029000632450045000922500009001372600038001463000017001846530014002016530028002152285110805n ii |||gr||||Z||||||asm cMAIN a370.1 aBaruah, Jatin ,eAuthor.1 aShiksha tattva adhyayancby Jatin Baruah a4th. aGuahati:bLawyers book stall,996. a470p:c23cm. aEducation aShiksha tattva adhyayan